Crónica de una relación marcada por la colonialidad : estado costarricense y el pueblo bribri de Salitre, compilación de eventos y su documentación /
El texto sintetiza la experiencia registrada como la situación, el conflicto por las tierras, el incumplimiento de sus derechos así como las deudas del estado costarricense que se vive en el territorio Salitre, en el cantón de Buenos Aires en Puntarenas. Se presenta una cronología documentada que re...
保存先:
| 第一著者: | |
|---|---|
| その他の著者: | , , , |
| フォーマット: | 図書 |
| 言語: | Spanish |
| 出版事項: |
[San José, Costa Rica]:
CICDE; UNED,
[2019]
|
| 主題: | |
| タグ: |
タグ追加
タグなし, このレコードへの初めてのタグを付けませんか!
|
MARC
| LEADER | 00000nam a22000007a 4500 | ||
|---|---|---|---|
| 003 | cru CIDCAS/IIS | ||
| 005 | 20230320142554.0 | ||
| 008 | 220503s2019 cr |||||r|||| 0|| ||spa d | ||
| 020 | |a 9789930970652 | ||
| 040 | |c cru IIS | ||
| 090 | |a 14.03.01 C947c | ||
| 100 | 1 | |a Zúñiga, Xinia |e Autora |9 10398 | |
| 245 | 1 | |a Crónica de una relación marcada por la colonialidad : |b estado costarricense y el pueblo bribri de Salitre, compilación de eventos y su documentación / |c equipo de investigación: Xinia Zúñiga, Juan Antonio Gutiérrez, Pablo Sivas, Mariana Delgado, César Moya | |
| 246 | 1 | 3 | |a Proyecto: |b El territorio indígena de Salitre: derechos, memoria, y violencia 2010-2017 |
| 260 | |a [San José, Costa Rica]: |b CICDE; |b UNED, |c [2019] | ||
| 300 | |a paginación irregular : |b fotos | ||
| 500 | |a Colección Centroamérica | ||
| 520 | 3 | |a El texto sintetiza la experiencia registrada como la situación, el conflicto por las tierras, el incumplimiento de sus derechos así como las deudas del estado costarricense que se vive en el territorio Salitre, en el cantón de Buenos Aires en Puntarenas. Se presenta una cronología documentada que resume un conjunto de hechos mediante los cuales se evidencia la forma en que los gobiernos y las instituciones públicas se han manifestado y accionado en diferentes momentos del conflicto. FGO 20/03/2023 | |
| 650 | 0 | 4 | |2 UNESCO |9 3737 |a POBLACION INDIGENA |
| 650 | 0 | 4 | |2 UNESCO |
| 650 | 0 | 0 | |2 UNESCO |9 243 |a ESTADO |
| 651 | 0 | |2 TESAURO UNESCO |9 32 |a COSTA RICA | |
| 700 | 1 | |9 10399 |a Gutiérrez, Juan Antonio |e Autor | |
| 700 | 1 | |9 10401 |a Sivas, Pablo |e Autor | |
| 700 | 1 | |9 10402 |a Delgado, Mariana |e Autor | |
| 700 | 1 | |9 10403 |a Moya, César |e Autor | |
| 942 | |2 ddc |c LI | ||
| 999 | |c 44210 |d 44210 | ||



